| 000 | 00564nam a2200193Ia 4500 | ||
|---|---|---|---|
| 003 | GCL | ||
| 008 | 140319s9999 xx 000 0 ara d | ||
| 040 |
_aGCL / _cGCL |
||
| 082 | 0 | 4 |
_a211.3 _bص ج |
| 100 | 1 | _aصلاح محمد ابراهيم عامر | |
| 245 | 1 | 0 |
_aالجهر بالسوء / _cصلاح محمد ابراهيم عامر |
| 700 | 1 | _aحسن الهوارى | |
| 260 |
_a[S.N] : _bمكتبة زهران ، _c1993 |
||
| 300 | _a135 ص | ||
| 490 | _a | ||
| 650 | 0 | 4 | _aالسلام |
| 650 | 0 | 4 | _aالفضائل الاسلامية |
| 942 |
_2ddc _cBK |
||
| 999 |
_c53646 _d53646 |
||